| 000 | 00336nam a2200133Ia 4500 | ||
|---|---|---|---|
| 005 | 20251222143307.0 | ||
| 008 | 251222s9999||||xx |||||||||||||| ||spa|| | ||
| 020 | _a978-84-9704-377-9 | ||
| 082 | _a024.778/I35 | ||
| 100 | _aIglesias Franch, David | ||
| 245 | 0 | _aLa fotografĂa digital en los archivos: | |
| 264 | _bTREA | ||
| 942 | _cLIB | ||
| 999 |
_c15557 _d15557 |
||